000 00506nam a2200181Ia 4500
003 OSt
005 20260107121848.0
008 210210b1948 xxu||||| |||| 00| 0 eng d
040 _cAL
041 _aKannada
082 _a859/1347
100 _aMAHABALESHVARA BHAT (T) Ed
_9159752
_dಮಹಾಬಲೇಶ್ವರ ಭಟ್ (ಟಿ)
245 _aTorana:
_bತೋರಣ
260 _aSagara
_bJalandhara Prakatanalaya
_c1948
690 _aKannada Fiction
_9159753
906 _a022083
942 _2ddc
_cBK
999 _c146189
_d146189